000 00880cam a2200217 i 4500
005 20160130120820.0
008 010227s2001 enk b 001 0 eng
020 _a1853837482 (hardback : alk. paper)
020 _a1853837377 (pbk. : alk. paper)
040 _aDLC
_cDLC
_dDLC
_dCO-BoIAVH
041 _aeng
082 0 4 _a341.7
_bH23h
245 0 0 _aHandbook of the Convention on Biological Diversity /
_cSecretariat of the Convention on Biological Diversity.
260 _aLondon ;
_aSterling, VA :
_bEarthscan Publications,
_c2001.
300 _axxix, 690 páginas ;
_c25 cm. +
_e1 CD-ROM (4 3/4 in.)
504 _aIncluye referencias bibliográficas e índice.
650 1 4 _aConservación biológica
_xLegislación.
650 2 4 _aDiversidad biológica
_xLegislación.
710 2 _aSecretariat of the Convention on Biological Diversity.
942 _2ddc
_cLIBRO
999 _c1807
_d1807